Classical singer's of india (Record no. 160465)

MARC details
000 -LEADER
fixed length control field 00544nam a22001817a 4500
005 - DATE AND TIME OF LATEST TRANSACTION
control field 20190130152056.0
010 ## - LCCN (DPL NO)
LC control number ENG-124680
020 ## - INTERNATIONAL STANDARD BOOK NUMBER
International Standard Book Number 9789389393248
Terms of availability 475.00
035 ## - SYSTEM CONTROL NUMBER
System control number EN-108212
037 ## - SOURCE OF ACQUISITION
Source of stock number/acquisition DBAD/PUB
082 ## - DEWEY DECIMAL CLASSIFICATION NUMBER
Classification number 783.0092
100 ## - MAIN ENTRY--PERSONAL NAME
Personal name Dwivedi,Richa
245 ## - TITLE STATEMENT
Title Classical singer's of india
Statement of responsibility, etc by Richa Dwivedi
260 ## - PUBLICATION, DISTRIBUTION, ETC. (IMPRINT)
Place of publication, distribution, etc New Delhi
Name of publisher, distributor, etc Saket Prakashan
Date of publication, distribution, etc 2016
270 ## - ADDRESS
Address 5, Upendra Nath Ashk Marg,Old Khusro Bagh Road
City Allahbad
Postal code 211001
300 ## - PHYSICAL DESCRIPTION
Extent 168p.
Dimensions 21cm.(Hb)
942 ## - ADDED ENTRY ELEMENTS (KOHA)
Source of classification or shelving scheme Dewey Decimal Classification
Item type English Books
Call number suffix DWI
Classification part 783.0092
Holdings
Withdrawn status Lost status Not for loan Collection code Home library Current library Date acquired Source of acquisition Cost, normal purchase price Full call number Barcode Copy number Cost, replacement price Koha item type
    Not For Loan Non-fiction D.B.Act.Division Ashok Vihar 30/01/2019 DBAD/PUB 475.00 783.0092 DWI EN-108212 1 475.00 English Books

© Delhi Public Library
Hit Counter
free hit counter